[Event "Chigorin Mem Blitz 2016"]
[Site "St Petersburg RUS"]
[Date "2016.10.14"]
[Round "1.1"]
[White "Lu, Shanglei"]
[Black "Salemgareev, Tagir"]
[Result "1-0"]
[WhiteTitle "GM"]
[WhiteElo "2615"]
[BlackElo "2305"]
[WhiteFideId "8603332"]
[BlackFideId "24199052"]
[EventDate "2016.10.14"]

1. e4 c5 2. Nf3 Nc6 3. Bb5 g6 4. Bxc6 dxc6 5. d3 Bg7 6. h3 Nf6 7. O-O O-O 8. a4
Nd7 9. Na3 Qc7 10. Nc4 Rd8 11. Qe1 e5 12. Bg5 f6 13. Be3 b6 14. Nh2 g5 15. a5
Rb8 16. axb6 axb6 17. h4 h6 1-0

[Event "Chigorin Mem Blitz 2016"]
[Site "St Petersburg RUS"]
[Date "2016.10.14"]
[Round "1.2"]
[White "Askerov, Marat"]
[Black "Ponkratov, Pavel"]
[Result "0-1"]
[WhiteTitle "FM"]
[BlackTitle "GM"]
[WhiteElo "2299"]
[BlackElo "2589"]
[WhiteFideId "24175200"]
[BlackFideId "4157800"]
[EventDate "2016.10.14"]

1. d4 Nf6 2. c4 e6 3. Nf3 b6 4. g3 Bb7 5. Bg2 g6 6. O-O Bg7 7. Re1 O-O 8. b3 c5
9. Bb2 d5 10. cxd5 exd5 11. dxc5 bxc5 12. Nc3 Na6 13. Rc1 Qa5 14. Ne5 Rfd8 15.
Na4 Rac8 16. Qc2 Qc7 17. e3 d4 18. Bxb7 Qxb7 19. Nd3 Ne4 20. Qe2 Ng5 21. e4 Ne6
22. Ba3 Bf8 23. h4 c4 24. Bxf8 cxd3 25. Qxd3 Rxf8 26. Rxc8 Rxc8 0-1

[Event "Chigorin Mem Blitz 2016"]
[Site "St Petersburg RUS"]
[Date "2016.10.14"]
[Round "1.3"]
[White "Sjugirov, Sanan"]
[Black "Manin, Viktor"]
[Result "1-0"]
[WhiteTitle "GM"]
[WhiteElo "2660"]
[BlackElo "2163"]
[WhiteFideId "4189302"]
[BlackFideId "14201291"]
[EventDate "2016.10.14"]

1. d4 Nf6 2. c4 e6 3. Nf3 d5 4. Nc3 c5 5. cxd5 exd5 6. g3 Nc6 7. Bg2 Be7 8. O-O
O-O 9. Bg5 cxd4 10. Nxd4 h6 11. Be3 Re8 12. Rc1 Bg4 13. h3 Be6 14. Qa4 Ne5 15.
Bf4 Ng6 16. Be3 a6 17. Rfd1 b5 18. Qc2 Qd7 19. Nxe6 Qxe6 20. Nxd5 Nxd5 21. Bxd5
Qxh3 22. Qxg6 Rf8 23. Qe4 Rad8 24. Qxe7 1-0

[Event "Chigorin Mem Blitz 2016"]
[Site "St Petersburg RUS"]
[Date "2016.10.14"]
[Round "1.4"]
[White "Enkhbat, Tsendragchaa"]
[Black "Alekseev, Evgeny"]
[Result "0-1"]
[BlackTitle "GM"]
[WhiteElo "2113"]
[BlackElo "2636"]
[WhiteFideId "4900243"]
[BlackFideId "4138147"]
[EventDate "2016.10.14"]

1. e4 c5 2. Nf3 Nc6 3. d4 cxd4 4. Nxd4 e6 5. Nc3 a6 6. Be2 d6 7. O-O Nf6 8. Be3
Be7 9. f4 O-O 10. Kh1 Bd7 11. a4 Nxd4 12. Bxd4 Bc6 13. Bf3 Nd7 14. Nd5 Bxd5 15.
exd5 e5 16. fxe5 dxe5 17. Be3 Bd6 18. c4 a5 19. Rc1 b6 20. g3 f5 21. Bg2 Nc5 22.
Bxc5 bxc5 23. Qc2 g6 24. b3 Qg5 25. Rce1 h5 26. Qf2 Rae8 27. Qe3 Qxe3 28. Rxe3
e4 29. h3 Kg7 30. g4 Kh6 31. gxf5 gxf5 32. Re2 h4 33. Ref2 f4 34. Re1 f3 35. Bf1
Bg3 0-1

[Event "Chigorin Mem Blitz 2016"]
[Site "St Petersburg RUS"]
[Date "2016.10.14"]
[Round "1.5"]
[White "Turov, Maxim"]
[Black "Rodionova, Polina"]
[Result "1-0"]
[WhiteTitle "GM"]
[BlackTitle "WFM"]
[WhiteElo "2594"]
[BlackElo "2024"]
[WhiteFideId "4120086"]
[BlackFideId "24102555"]
[EventDate "2016.10.14"]

1. d4 Nf6 2. c4 g6 3. Nc3 Bg7 4. e4 d6 5. f4 c5 6. d5 O-O 7. Nf3 e6 8. dxe6 Bxe6
9. Bd3 Nc6 10. f5 Bc8 11. O-O Re8 12. Bg5 Qa5 13. Nb5 Nxe4 14. Bxe4 Rxe4 15.
Nxd6 Rd4 16. Nxd4 Bxd4+ 17. Kh1 Qc7 18. Ne8 Qd7 19. fxg6 hxg6 20. Nf6+ Bxf6 21.
Bxf6 Qxd1 22. Raxd1 1-0

[Event "Chigorin Mem Blitz 2016"]
[Site "St Petersburg RUS"]
[Date "2016.10.14"]
[Round "1.6"]
[White "Feduk, Viktor"]
[Black "Gajewski, Grzegorz"]
[Result "0-1"]
[BlackTitle "GM"]
[WhiteElo "2150"]
[BlackElo "2621"]
[WhiteFideId "4173368"]
[BlackFideId "1116207"]
[EventDate "2016.10.14"]

1. e4 c5 2. c3 d5 3. exd5 Qxd5 4. d4 Nf6 5. Nf3 e6 6. Be2 Be7 7. O-O O-O 8. Be3
Nc6 9. c4 Qd7 10. dxc5 Qxd1 11. Rxd1 Ng4 12. Bf4 e5 13. Bg3 e4 14. Nfd2 e3 15.
Nb3 exf2+ 16. Bxf2 Nxf2 17. Kxf2 a5 18. a4 Bf5 19. Na3 Rfe8 20. Rd5 Be4 21. Rd2
Bg5 22. Rd7 Nb4 23. Rad1 Nc2 24. Rf1 Be3+ 25. Kg3 Nxa3 26. Rfxf7 Nc2 27. Rxg7+
Kh8 28. Bf3 Bf5 29. Rxb7 Rg8 30. Rxg8+ Rxg8+ 31. Kh4 Ne1 32. Be2 Nxg2+ 33. Kh5
Nf4+ 34. Kh4 Bf2# 0-1

[Event "Chigorin Mem Blitz 2016"]
[Site "St Petersburg RUS"]
[Date "2016.10.14"]
[Round "1.7"]
[White "Jumabayev, Rinat"]
[Black "Navrodskiy, Boris"]
[Result "1-0"]
[WhiteTitle "GM"]
[WhiteElo "2609"]
[BlackElo "2099"]
[WhiteFideId "13702661"]
[BlackFideId "24176826"]
[EventDate "2016.10.14"]

1. d4 d5 2. c4 e6 3. Nf3 c6 4. g3 Bd6 5. Bg2 f5 6. O-O Nf6 7. Qc2 O-O 8. Ne5
Nbd7 9. Nd3 Qe7 10. Nd2 b6 11. Rb1 Bb7 12. b4 Rac8 13. c5 Bb8 14. Nf3 e5 15.
dxe5 Nxe5 16. Nfxe5 Bxe5 17. Bb2 Bxb2 18. Qxb2 Ba6 19. Rfc1 Rfe8 20. cxb6 axb6
21. Bf3 Ne4 22. Qd4 Nd2 23. Rb2 Nxf3+ 24. exf3 Qf6 25. Qxf6 gxf6 26. Rd2 Kf7 27.
a4 Bc4 28. Nb2 b5 29. a5 Re6 30. Nd3 Bxd3 31. Rxd3 c5 32. Rxd5 Rec6 33. Rxf5 c4
34. Rxb5 1-0

[Event "Chigorin Mem Blitz 2016"]
[Site "St Petersburg RUS"]
[Date "2016.10.14"]
[Round "1.8"]
[White "Nasibullin, Iskander"]
[Black "Lintchevski, Daniil"]
[Result "0-1"]
[BlackTitle "GM"]
[WhiteElo "2085"]
[BlackElo "2522"]
[WhiteFideId "34124273"]
[BlackFideId "4171055"]
[EventDate "2016.10.14"]

1. e4 c6 2. c4 d5 3. exd5 cxd5 4. cxd5 Nf6 5. Nc3 Nxd5 6. Nf3 Nxc3 7. bxc3 Qc7
8. d4 g6 9. Bd2 Bg7 10. Bd3 O-O 11. O-O Nc6 12. Qe2 Bg4 13. h3 Bxf3 14. Qxf3 e5
15. d5 Na5 16. Rfe1 f5 17. Bf1 e4 18. Qe2 Rac8 19. Rac1 Nc4 20. Qxc4 Qxc4 21.
Bxc4 Rxc4 22. Be3 b6 23. Red1 Rd8 24. Bg5 Rd7 25. d6 Kf7 26. Bf4 Ke6 27. Kf1 Be5
28. Bxe5 Kxe5 29. Rd4 Rxd4 30. cxd4+ Kxd6 31. Ke2 Rc7 32. Rxc7 Kxc7 33. Ke3 Kd6
34. Kf4 b5 35. h4 b4 36. h5 a5 37. hxg6 hxg6 38. Kg5 a4 39. Kxg6 f4 40. Kf5 e3 0-1

[Event "Chigorin Mem Blitz 2016"]
[Site "St Petersburg RUS"]
[Date "2016.10.14"]
[Round "1.9"]
[White "Bok, Benjamin"]
[Black "Novikov, Igor"]
[Result "0-1"]
[WhiteTitle "GM"]
[WhiteElo "2594"]
[BlackElo "2192"]
[WhiteFideId "1017063"]
[BlackFideId "34108960"]
[EventDate "2016.10.14"]

1. d4 Nf6 2. c4 g6 3. g3 Bg7 4. Bg2 O-O 5. Nc3 d6 6. Nf3 Nbd7 7. O-O c6 8. b3 e5
9. Ba3 c5 10. dxe5 dxe5 11. Qc2 Qa5 12. Bb2 Re8 13. Ng5 Nf8 14. Nd5 Nxd5 15.
Bxd5 Ne6 16. Nxe6 Bxe6 17. Bxb7 Rad8 18. Rfd1 Qc7 19. Bd5 Bxd5 20. Rxd5 Rxd5 21.
cxd5 e4 22. Bxg7 Kxg7 23. Rc1 e3 24. Qxc5 exf2+ 25. Kxf2 Qd7 26. Qd4+ Kg8 27. e4
Qg4 28. Rc4 f5 29. e5 f4 30. gxf4 Rf8 31. d6 Rf5 32. Rc8+ Kg7 33. Rc4 Rh5 34.
e6+ Kh6 35. Qe3 Rxh2+ 36. Ke1 Qg2 37. f5+ g5 38. Rf4 Rh1+ 0-1

[Event "Chigorin Mem Blitz 2016"]
[Site "St Petersburg RUS"]
[Date "2016.10.14"]
[Round "1.10"]
[White "Smirnov, Mikhail"]
[Black "Pridorozhni, Aleksei"]
[Result "0-1"]
[BlackTitle "GM"]
[WhiteElo "2108"]
[BlackElo "2579"]
[WhiteFideId "4146123"]
[BlackFideId "4127870"]
[EventDate "2016.10.14"]

1. e4 e6 2. d4 d5 3. Nc3 dxe4 4. Nxe4 Bd7 5. Nf3 Bc6 6. Bd3 Nd7 7. Qe2 Ngf6 8.
Nxf6+ Nxf6 9. O-O Be7 10. Ne5 Qxd4 11. Nxc6 bxc6 12. Rd1 Bd6 13. Ba6 Qb6 14. Be3
Bc5 15. Bg5 Nd5 16. Bd3 Qxb2 17. Qf3 O-O 18. Qe4 g6 19. Rab1 Qd4 20. Qf3 Qe5 21.
Bh6 Rfe8 22. c4 Nc3 23. Re1 Qd4 24. Rb3 Rad8 25. Bxg6 hxg6 26. Rxc3 Bb4 27. Bg5
Qxc3 0-1

[Event "Chigorin Mem Blitz 2016"]
[Site "St Petersburg RUS"]
[Date "2016.10.14"]
[Round "1.11"]
[White "Khismatullin, Denis"]
[Black "Rudenko, Naum"]
[Result "1-0"]
[WhiteTitle "GM"]
[WhiteElo "2617"]
[BlackElo "2102"]
[WhiteFideId "4142578"]
[BlackFideId "34146072"]
[EventDate "2016.10.14"]

1. d4 d5 2. c4 dxc4 3. e4 b5 4. a4 c6 5. Nf3 Bb7 6. b3 a5 7. bxc4 b4 8. c5 Nd7
9. e5 e6 10. Nbd2 Ne7 11. Ne4 Nd5 12. Bd3 f5 13. Nd6+ Bxd6 14. exd6 O-O 15. O-O
Qf6 16. Re1 Rae8 17. Bg5 Qg6 18. Bh4 Bc8 19. Bg3 Qh5 20. Be5 Qg6 21. Nd2 Nc3 22.
Qf3 Nd5 23. Nb3 Nxe5 24. Rxe5 Bd7 25. Nxa5 Ra8 26. Nb3 Nc3 27. a5 Rfb8 28. Rae1
Qf7 29. Bc4 Re8 30. h3 Nd5 31. a6 Reb8 32. Bxd5 cxd5 33. c6 Bxc6 34. Rxe6 Ba4
35. Re7 Qf6 36. Qxd5+ Kh8 37. Nc5 Bb5 38. a7 Rd8 39. d7 Qb6 40. Qxa8 Rxa8 41.
Re8+ Rxe8 42. Rxe8# 1-0

[Event "Chigorin Mem Blitz 2016"]
[Site "St Petersburg RUS"]
[Date "2016.10.14"]
[Round "1.12"]
[White "Zlatin, Alexander"]
[Black "Kovalev, Vladislav"]
[Result "0-1"]
[BlackTitle "GM"]
[WhiteElo "2182"]
[BlackElo "2609"]
[WhiteFideId "2810549"]
[BlackFideId "13504398"]
[EventDate "2016.10.14"]

1. e4 e5 2. Nf3 Nc6 3. Bc4 Bc5 4. c3 Nf6 5. d3 O-O 6. Nbd2 Re8 7. Bb3 h6 8. h3
a5 9. a4 d6 10. Qe2 Be6 11. Bxe6 Rxe6 12. Nb3 Bb6 13. Be3 Bxe3 14. Qxe3 d5 15.
O-O b6 16. Rad1 Qd7 17. Rfe1 Rd8 18. Qc1 Rd6 19. Rd2 dxe4 20. dxe4 Rxd2 21. Qxd2
Qe6 22. Qc2 Qc4 23. Nfd2 Qxa4 24. Re3 Qb5 25. Nc1 Qc5 26. Nd3 Qe7 27. Nc4 Qe6
28. b3 a4 29. Nd2 axb3 30. Qxb3 Qxb3 31. Nxb3 Kf8 32. Nd2 Ke7 33. Nc4 Ke6 34. f3
Ra8 35. Kf2 Ra2+ 36. Re2 Rxe2+ 37. Kxe2 Ne8 38. g3 Nd6 39. Nd2 Na5 40. Nb2 b5
41. Kd3 c5 42. c4 bxc4+ 43. Ndxc4 Ndxc4 44. Nxc4 Nxc4 45. Kxc4 Kd6 46. Kb5 g5 0-1

[Event "Chigorin Mem Blitz 2016"]
[Site "St Petersburg RUS"]
[Date "2016.10.14"]
[Round "2.1"]
[White "Iljiushenok, Ilia"]
[Black "Lu, Shanglei"]
[Result "1-0"]
[WhiteTitle "IM"]
[BlackTitle "GM"]
[WhiteElo "2505"]
[BlackElo "2615"]
[WhiteFideId "24105074"]
[BlackFideId "8603332"]
[EventDate "2016.10.14"]

1. e4 c5 2. Nf3 d6 3. d4 cxd4 4. Nxd4 Nf6 5. Nc3 a6 6. Bg5 Nbd7 7. Qe2 b5 8. f4
b4 9. Nd5 Bb7 10. Bxf6 Nxf6 11. Nxf6+ gxf6 12. O-O-O Qa5 13. Kb1 e6 14. Qe1 Qc5
15. f5 Ke7 16. fxe6 fxe6 17. Qh4 Rc8 18. Be2 Rg8 19. Rhf1 Qg5 20. Qh3 Qe5 21.
Bg4 Bxe4 22. Bxe6 Bxg2 23. Qb3 Bxf1 24. Bxc8 Qh5 25. Rxf1 Rg4 26. Bxg4 Qxg4 27.
Re1+ 1-0

[Event "Chigorin Mem Blitz 2016"]
[Site "St Petersburg RUS"]
[Date "2016.10.14"]
[Round "2.3"]
[White "Saveliev, Alexei"]
[Black "Sjugirov, Sanan"]
[Result "1-0"]
[BlackTitle "GM"]
[WhiteElo "2392"]
[BlackElo "2660"]
[WhiteFideId "24128546"]
[BlackFideId "4189302"]
[EventDate "2016.10.14"]

1. e4 c5 2. Nf3 d6 3. d4 cxd4 4. Nxd4 Nf6 5. Nc3 a6 6. Be2 e5 7. Nb3 Be7 8. Be3
Be6 9. Nd5 Bxd5 10. exd5 Nbd7 11. O-O O-O 12. Qd3 Ne8 13. c4 f5 14. f4 Rc8 15.
Rac1 g6 16. fxe5 Nxe5 17. Qd2 Bf6 18. c5 Bg7 19. Na5 Qe7 20. c6 b5 21. a4 Nc7
22. Bb6 bxa4 23. Rfe1 f4 24. Kh1 Rb8 25. Bxc7 Qxc7 26. Nb7 g5 27. Qb4 Rf6 28.
Bxa6 g4 29. Rxe5 f3 30. Re6 fxg2+ 31. Kxg2 Rf3 32. Rce1 Qf7 33. Qxg4 Rf8 34.
Nxd6 Rf2+ 35. Kg1 Qa7 36. Bd3 Rf1+ 37. Kg2 1-0

[Event "Chigorin Mem Blitz 2016"]
[Site "St Petersburg RUS"]
[Date "2016.10.14"]
[Round "2.4"]
[White "Alekseev, Evgeny"]
[Black "Rusanov, Michail"]
[Result "0-1"]
[WhiteTitle "GM"]
[WhiteElo "2636"]
[BlackElo "2440"]
[WhiteFideId "4138147"]
[BlackFideId "4131878"]
[EventDate "2016.10.14"]

1. Nf3 f5 2. g3 Nf6 3. Bg2 e6 4. O-O Be7 5. c4 O-O 6. d4 d5 7. b3 c6 8. Ba3 Bxa3
9. Nxa3 Nbd7 10. Nc2 b6 11. Nb4 Bb7 12. Nd3 Rc8 13. Rc1 Qe7 14. e3 c5 15. Nf4
dxc4 16. bxc4 Rfd8 17. Qb3 e5 18. Nd5 Nxd5 19. cxd5 c4 20. Qa4 e4 21. Nd2 a6 22.
d6 Qxd6 23. Nxc4 Qe6 24. Nd2 b5 25. Qa5 Bd5 26. Nb3 Qb6 27. Qb4 Rc4 28. Qe7 Qf6
29. Qxf6 Nxf6 30. Nc5 Rxc1 31. Rxc1 Bxa2 32. Ra1 Bc4 33. Rxa6 Nd5 34. Bf1 Bxf1
35. Kxf1 Rb8 36. Rd6 Nc3 37. Ke1 b4 38. Kd2 Nb5 39. Rd7 Ra8 40. Ne6 Ra2+ 41. Kc1
b3 42. Rxg7+ Kh8 43. Rd7 0-1

[Event "Chigorin Mem Blitz 2016"]
[Site "St Petersburg RUS"]
[Date "2016.10.14"]
[Round "2.5"]
[White "Arslanov, Shamil"]
[Black "Turov, Maxim"]
[Result "0-1"]
[WhiteTitle "IM"]
[BlackTitle "GM"]
[WhiteElo "2398"]
[BlackElo "2594"]
[WhiteFideId "4192826"]
[BlackFideId "4120086"]
[EventDate "2016.10.14"]

1. Nf3 Nf6 2. g3 b5 3. Bg2 Bb7 4. O-O e6 5. d3 Be7 6. e4 d6 7. Qe2 O-O 8. Nbd2
c5 9. d4 cxd4 10. Nxd4 a6 11. N2b3 Qc7 12. a4 b4 13. a5 d5 14. Bf4 e5 15. exd5
exf4 16. Nf5 Bd6 17. Rad1 Nbd7 18. Nbd4 Rfe8 19. Qd2 g6 20. Nxd6 Qxd6 21. Nc6 b3
22. cxb3 Ne4 23. Qd4 Ndf6 24. b4 Ng5 25. Qc5 Qxc5 26. bxc5 f3 27. h4 fxg2 28.
Kxg2 Nxd5 29. hxg5 Bxc6 30. Kh2 Re2 31. Rd4 Rxb2 32. Re1 Rxf2+ 33. Kg1 Rc2 34.
Ree4 Rb8 0-1

[Event "Chigorin Mem Blitz 2016"]
[Site "St Petersburg RUS"]
[Date "2016.10.14"]
[Round "2.6"]
[White "Gajewski, Grzegorz"]
[Black "Ovchinnikov, Vsevolod"]
[Result "0-1"]
[WhiteTitle "GM"]
[BlackTitle "FM"]
[WhiteElo "2621"]
[BlackElo "2263"]
[WhiteFideId "1116207"]
[BlackFideId "24176842"]
[EventDate "2016.10.14"]

1. c4 Nf6 2. Nc3 c5 3. g3 e6 4. Nf3 b6 5. Bg2 Bb7 6. O-O Be7 7. Re1 d6 8. e4 a6
9. d4 cxd4 10. Nxd4 Qc7 11. Be3 Nbd7 12. Rc1 Rc8 13. g4 h6 14. f4 Qb8 15. b3 Qa8
16. Bf2 g6 17. f5 e5 18. Nc2 gxf5 19. gxf5 b5 20. Ne3 Nxe4 21. Nxe4 Bxe4 22.
Bxe4 Qxe4 23. Nd5 Rg8+ 24. Bg3 Qxf5 25. cxb5 Rxc1 26. Qxc1 Qd3 27. Ne3 axb5 28.
Qc8+ Bd8 29. Kg2 Qd2+ 30. Kf1 Qd3+ 31. Re2 Qb1+ 32. Kf2 Qd3 33. Qc6 f5 34. Nd5
f4 35. Rc2 fxg3+ 36. hxg3 Qxg3+ 37. Ke2 Qg2+ 38. Kd1 Qf1+ 39. Kd2 Rg2+ 40. Kc3
Rxc2+ 41. Kxc2 Qg2+ 42. Kc3 Qf3+ 43. Kb4 Qe4+ 44. Kxb5 Qd3+ 45. Kb4 Qd4+ 46. Kb5
Qc5+ 47. Qxc5 dxc5 48. a4 h5 49. a5 Bxa5 50. Kxa5 h4 51. Ne3 h3 52. Ng4 Ke7 53.
Kb5 Nf6 54. Nh2 Kd6 55. Kc4 Ne4 56. Ng4 Nd2+ 57. Kc3 Nf3 58. Nf2 h2 59. Kd3 Ng5
60. Ke3 Kd5 61. Nh1 e4 62. Ng3 Ne6 63. Nh1 Nd4 64. Kf2 Nxb3 65. Kg2 Nd2 66. Kxh2
e3 67. Kg3 Kd4 68. Kg2 Kd3 69. Ng3 c4 70. Nh5 c3 71. Nf4+ Ke4 72. Ne2 c2 73. Nc1
Kd4 74. Kg3 Kc3 75. Kf4 Nc4 76. Ke4 Kd2 77. Nb3+ Kd1 78. Kd3 c1=Q 79. Nxc1 Kxc1 0-1

[Event "Chigorin Mem Blitz 2016"]
[Site "St Petersburg RUS"]
[Date "2016.10.14"]
[Round "2.7"]
[White "Lovkov, Roman"]
[Black "Jumabayev, Rinat"]
[Result "0-1"]
[WhiteTitle "IM"]
[BlackTitle "GM"]
[WhiteElo "2441"]
[BlackElo "2609"]
[WhiteFideId "4157389"]
[BlackFideId "13702661"]
[EventDate "2016.10.14"]

1. d4 Nf6 2. c4 e6 3. g3 c5 4. d5 exd5 5. cxd5 d6 6. Nc3 g6 7. Bg2 Bg7 8. Nf3
O-O 9. O-O Re8 10. Nd2 a6 11. a4 Nbd7 12. h3 Ne5 13. f4 Nh5 14. fxe5 Nxg3 15.
Nf3 dxe5 16. e4 Nxf1 17. Qxf1 Rb8 18. Be3 Bf8 19. Qf2 Qd6 20. Rf1 f6 21. Nd2 b5
22. axb5 axb5 23. Qxf6 Qxf6 24. Rxf6 c4 25. Bf1 Bd7 26. Nd1 Be7 27. Rf2 Rf8 28.
Rxf8+ Rxf8 29. b3 cxb3 30. Nxb3 Rc8 31. Bd3 b4 32. Kg2 Ba4 33. Na5 Bxd1 34. Nc6
Bd6 35. Kf2 Kg7 36. Ke1 Ba4 37. Ba6 Rf8 38. Ke2 b3 39. Bc1 Ra8 40. Bc4 Rc8 41.
Ba6 Rc7 42. Kd3 Bxc6 43. dxc6 Rxc6 44. Bc4 Rb6 45. Bb2 Rb8 46. Kc3 Rf8 47. Be6
Rf3+ 48. Kc4 Kf6 49. Bd7 Ke7 50. Bc8 h5 51. Bc1 Rg3 52. h4 Kd8 53. Be6 Be7 54.
Bb2 Bf6 55. Kc5 Ke7 56. Bd5 Rg2 57. Ba3 b2 58. Ba2 Kf8 59. Kd5+ Kg7 60. Kc4 Bxh4
61. Kc3 Bf2 62. Kd3 Bd4 0-1

[Event "Chigorin Mem Blitz 2016"]
[Site "St Petersburg RUS"]
[Date "2016.10.14"]
[Round "2.8"]
[White "Lintchevski, Daniil"]
[Black "Sysolyatin, Evgeny"]
[Result "1/2-1/2"]
[WhiteTitle "GM"]
[BlackTitle "FM"]
[WhiteElo "2522"]
[BlackElo "2289"]
[WhiteFideId "4171055"]
[BlackFideId "4154916"]
[EventDate "2016.10.14"]

1. Nf3 Nf6 2. c4 g6 3. g3 Bg7 4. Bg2 O-O 5. O-O c6 6. d4 d5 7. cxd5 cxd5 8. Nc3
Nc6 9. Ne5 Na5 10. Bg5 Be6 11. Nd3 Ne4 12. Nxe4 dxe4 13. Nc5 Qxd4 14. Nxe6 fxe6
15. Qxd4 Bxd4 16. Bxe4 Bxb2 17. Rab1 Bf6 18. Bh6 Rfd8 19. Bxb7 Nxb7 20. Rxb7 g5
21. f4 gxf4 22. Rxf4 e5 23. Ra4 a6 24. Kg2 Rd4 25. Ra3 Kf7 26. Be3 Rc4 27. Rab3
Rc2 28. Rb2 Rac8 29. a4 R8c4 30. Rxc2 Rxc2 31. Kf2 Ra2 32. Rb4 Ke6 33. g4 Bh4+
34. Kf3 Be1 35. Rb6+ Kd5 36. Rxa6 e4+ 37. Kf4 Rxe2 38. Ba7 e5+ 39. Kf5 Bf2 40.
Ra5+ Kd6 41. Bxf2 Rxf2+ 42. Kxe4 Rf4+ 43. Ke3 Rxg4 44. Ra8 Rh4 45. a5 Kc6 46. a6
Rxh2 47. a7 Kb7 48. Re8 Kc7 49. Ke4 1/2-1/2

[Event "Chigorin Mem Blitz 2016"]
[Site "St Petersburg RUS"]
[Date "2016.10.14"]
[Round "2.9"]
[White "Pridorozhni, Aleksei"]
[Black "Nasuta, Grzegorz"]
[Result "1-0"]
[WhiteTitle "GM"]
[BlackTitle "IM"]
[WhiteElo "2579"]
[BlackElo "2454"]
[WhiteFideId "4127870"]
[BlackFideId "1141686"]
[EventDate "2016.10.14"]

1. e4 c5 2. Nc3 a6 3. Nf3 d6 4. d4 cxd4 5. Nxd4 e6 6. Be3 b5 7. a4 b4 8. Na2 Bb7
9. f3 Nd7 10. Qd2 Ngf6 11. Nxb4 Qc7 12. a5 d5 13. exd5 Bxb4 14. Qxb4 Nxd5 15.
Qd2 Nxe3 16. Qxe3 O-O 17. Bd3 Nc5 18. O-O Rfd8 19. Rfd1 Rd7 20. Be2 Rad8 21. b4
e5 22. Nb5 axb5 23. Qxc5 1-0

[Event "Chigorin Mem Blitz 2016"]
[Site "St Petersburg RUS"]
[Date "2016.10.14"]
[Round "2.10"]
[White "Sanzhaev, Darsen"]
[Black "Khismatullin, Denis"]
[Result "1-0"]
[WhiteTitle "FM"]
[BlackTitle "GM"]
[WhiteElo "2353"]
[BlackElo "2617"]
[WhiteFideId "24120030"]
[BlackFideId "4142578"]
[EventDate "2016.10.14"]

1. d4 Nf6 2. c4 e6 3. g3 Bb4+ 4. Nd2 d5 5. Bg2 O-O 6. Nf3 b6 7. O-O Bb7 8. Ne5
Be7 9. b3 Nbd7 10. Bb2 c5 11. e3 cxd4 12. exd4 Rc8 13. Qe2 Bd6 14. Rac1 Qe7 15.
cxd5 Nxd5 16. Ndc4 N7f6 17. Nxd6 Qxd6 18. Nc4 Qb8 19. Rfd1 Rfd8 20. a4 Qa8 21.
Qf1 h6 22. Ba3 Qb8 23. Qe1 Rd7 24. Qe5 Qa8 25. Nd6 Rxc1 26. Rxc1 Bc6 27. h3 Ne7
28. Bxc6 Nxc6 29. Qe3 Ne7 30. Rc2 Nfd5 31. Qf3 Nc6 32. Rd2 Qd8 33. Nc4 Nf6 34.
Qxc6 Nd5 35. Ne5 Rc7 36. Qd6 Rc8 37. Qxd8+ Rxd8 38. Rc2 f6 39. Nc6 Rd7 40. Rc4
a5 41. Kf1 g5 42. Ke2 Kf7 43. b4 axb4 44. Nxb4 Ne7 45. Nc6 Nd5 46. Kd3 h5 47.
Ke2 g4 48. hxg4 hxg4 49. Bb2 Rc7 50. Kd3 Rxc6 51. Rxc6 Nb4+ 52. Ke4 Nxc6 53. d5
Ne7 54. dxe6+ Kxe6 55. Kf4 f5 56. Bd4 Nd5+ 1-0

[Event "Chigorin Mem Blitz 2016"]
[Site "St Petersburg RUS"]
[Date "2016.10.14"]
[Round "2.11"]
[White "Kovalev, Vladislav"]
[Black "Kozionov, Kirill"]
[Result "1-0"]
[WhiteTitle "GM"]
[BlackTitle "IM"]
[WhiteElo "2609"]
[BlackElo "2439"]
[WhiteFideId "13504398"]
[BlackFideId "24101729"]
[EventDate "2016.10.14"]

1. d4 Nf6 2. Bf4 d5 3. Nc3 e6 4. Nb5 Na6 5. e3 Ne4 6. Bd3 Nd6 7. Nf3 Nb4 8. Be2
Bd7 9. Na3 Be7 10. c3 Nc6 11. Bd3 Bf6 12. Nc2 Qe7 13. Ne5 g5 14. Bg3 h5 15. h3
Bxe5 16. dxe5 Ne4 17. Bh2 O-O-O 18. f3 Nc5 19. Be2 g4 20. Bg3 gxf3 21. gxf3 Rdg8
22. Rg1 h4 23. Bh2 Rxg1+ 24. Bxg1 Qg5 25. Kd2 Qxe5 26. Nd4 Qf6 27. b4 Nxd4 28.
cxd4 Na4 29. Qb3 Rg8 30. Bh2 Nb6 31. Be5 Qf5 32. Rc1 Nc4+ 33. Bxc4 dxc4 34. Qxc4
Rg2+ 35. Kc3 c6 36. Qc5 Rg8 37. Qxa7 Kd8 38. Qb8+ Bc8 39. Qc7+ 1-0

[Event "Chigorin Mem Blitz 2016"]
[Site "St Petersburg RUS"]
[Date "2016.10.14"]
[Round "2.12"]
[White "Paravyan, David"]
[Black "Sutormin, Danila"]
[Result "1-0"]
[WhiteTitle "IM"]
[BlackTitle "FM"]
[WhiteElo "2528"]
[BlackElo "2363"]
[WhiteFideId "4194985"]
[BlackFideId "24108669"]
[EventDate "2016.10.14"]

1. d4 Nf6 2. c4 g6 3. Nc3 Bg7 4. e4 d6 5. Nf3 O-O 6. Be2 e5 7. O-O exd4 8. Nxd4
Re8 9. f3 c6 10. Kh1 Nh5 11. g4 Nf6 12. Bf4 h5 13. Nf5 gxf5 14. gxf5 Kh7 15. Rg1
Rg8 16. Qf1 Bh6 17. Bxh6 Kxh6 18. Qf2 Nbd7 19. Rxg8 Nxg8 20. Rg1 Ndf6 21. f4 Qf8
22. Qh4 Kh7 23. e5 Bxf5 24. exf6 Qh6 25. Rg7+ Kh8 26. Rxf7 Re8 27. Qxh5 Qxh5 28.
Bxh5 Re6 29. Rxb7 Bh3 30. Kg1 Nxf6 31. Bf3 Ng4 32. Bxg4 Bxg4 33. Rxa7 Rf6 34.
Ne4 Rxf4 35. Nxd6 Bh3 36. Rf7 Rg4+ 37. Kf2 Rg2+ 38. Ke3 Rxb2 39. a4 Ra2 40. Ra7
Be6 41. h4 Ra3+ 42. Kd4 Rh3 43. Kc5 Rxh4 44. a5 Rh1 45. a6 Kg8 46. Kxc6 Kf8 47.
c5 Bg4 48. Rf7+ Kg8 49. a7 1-0

[Event "Chigorin Mem Blitz 2016"]
[Site "St Petersburg RUS"]
[Date "2016.10.14"]
[Round "4.1"]
[White "Ponkratov, Pavel"]
[Black "Stupak, Kirill"]
[Result "1-0"]
[WhiteTitle "GM"]
[BlackTitle "GM"]
[WhiteElo "2589"]
[BlackElo "2564"]
[WhiteFideId "4157800"]
[BlackFideId "13503758"]
[EventDate "2016.10.14"]
[EventType "swiss"]

1. e4 e6 2. d4 d5 3. exd5 exd5 4. Nf3 Bg4 5. Qe2+ Ne7 6. h3 Bh5 7. g4 Bg6 8. Ne5
Nbc6 9. Nxc6 bxc6 10. Bg2 h5 11. O-O hxg4 12. hxg4 Qd6 13. f4 f5 14. g5 Kf7 15.
Nd2 Bh5 16. Qd3 Qg6 17. c4 Bg4 18. Nf3 Qh5 19. Ne5+ Kg8 20. Qg3 Be2 21. Re1 Rd8
22. cxd5 cxd5 23. Kf2 Ba6 24. Bd2 Nc8 25. Rac1 c5 26. dxc5 Ne7 27. b4 Bb5 28. c6
Rc8 29. c7 a6 30. Rc5 g6 31. Bc3 Bg7 32. Nf3 Bxc3 33. Rxc3 Nc6 34. Rh1 Qg4 35.
Rxh8+ Kxh8 36. Qxg4 fxg4 37. Ne5 Nxb4 38. Nf7+ Kg7 39. Nd6 1-0